Countries with P in Their Name - Statistics

General Stats
  • This quiz has been taken 1,669 times
    1,649 since last reset
  • The average score is 17 of 22
Answer Stats
Continent Country % Correct
South America Paraguay
95%
South America Peru
94%
Europe Poland
94%
Oceania Palau
93%
North America Panama
93%
Asia Pakistan
91%
Europe Portugal
91%
Oceania Papua New Guinea
88%
Asia Philippines
88%
Africa Democratic Republic of the Congo
78%
Africa Republic of the Congo
74%
Africa Central African Republic
70%
North America Dominican Republic
66%
Asia Nepal
66%
Europe Spain
65%
Africa Egypt
64%
Africa Ethiopia
64%
Asia Japan
64%
Africa Cape Verde
59%
Asia Singapore
59%
Africa São Tomé and Príncipe
58%
Asia Cyprus
53%
No matching quizzes found
Score Distribution
Percent of People with Each Score
Percentile by Number Answered
Your Score History
You have not taken this quiz since the last reset